| 000 | 00873cam a2200253 4500 | ||
|---|---|---|---|
| 001 | WS114674 | ||
| 008 | 010920n 000 0 eng u | ||
| 035 | _a(Sirsi) u114674 | ||
| 110 |
_aDepartment for Environment, Food and Rural Affairs _94094 |
||
| 245 | _aDEFRA : Animal Health and Welfare | ||
| 520 | _aWeb site for this government department's work on animal health and welfare including pages on BSE, scrapie, tuberculosis, international trade and disease surveillance. | ||
| 650 | _aGOVERNMENT | ||
| 650 | _aANIMALS | ||
| 650 | _aANIMAL HEALTH | ||
| 650 | _aBSE | ||
| 650 | _aSCRAPIE | ||
| 650 | _aTUBERCULOSIS | ||
| 650 | _aTB | ||
| 650 | _aPET TRAVEL SCHEME | ||
| 650 | _aFOOT-AND-MOUTH DISEASE | ||
| 690 |
_aRural _96268 |
||
| 856 | 4 | 0 |
_uhttps://www.defra.gov.uk/animalh/ _zView the website free of charge at ww.defra.gov.uk/animalh/... |
| 942 | _n0 | ||
| 999 |
_c119898 _d119898 |
||